Ramona Quimby, age 8 / (Record no. 1671)

MARC details
000 -LEADER
fixed length control field 00637nam a22002057a 4500
005 - DATE AND TIME OF LATEST TRANSACTION
control field 20230309054924.0
008 - FIXED-LENGTH DATA ELEMENTS--GENERAL INFORMATION
fixed length control field 230309b |||||||| |||| 00| 0 eng d
020 ## - INTERNATIONAL STANDARD BOOK NUMBER
International Standard Book Number 0-395-5515-4-4
082 ## - DEWEY DECIMAL CLASSIFICATION NUMBER
Classification number Fic. C623 1991
100 ## - MAIN ENTRY--PERSONAL NAME
Personal name Clearly, Beverly,
Relator term author,
245 ## - TITLE STATEMENT
Title Ramona Quimby, age 8 /
Statement of responsibility, etc. Beverly Cleary.
260 ## - PUBLICATION, DISTRIBUTION, ETC.
Place of publication, distribution, etc. Atlanta :
Name of publisher, distributor, etc. Houghton Miffilin,
Date of publication, distribution, etc. c1991.
300 ## - PHYSICAL DESCRIPTION
Extent 190p. :
Other physical details ill.
541 ## - IMMEDIATE SOURCE OF ACQUISITION NOTE
Accession number 5167
600 ## - SUBJECT ADDED ENTRY--PERSONAL NAME
Personal name Quimby, Ramona (Fictitious character)
Form subdivision Juvenile fiction
650 ## - SUBJECT ADDED ENTRY--TOPICAL TERM
Topical term or geographic name entry element Schools
Form subdivision Juvenile fiction
650 ## - SUBJECT ADDED ENTRY--TOPICAL TERM
Topical term or geographic name entry element Families
Form subdivision Juvenile fiction
650 ## - SUBJECT ADDED ENTRY--TOPICAL TERM
Topical term or geographic name entry element Humorous fiction
700 ## - ADDED ENTRY--PERSONAL NAME
Personal name Tiegreen, Alan,
Relator term illustrator.
Holdings
Withdrawn status Lost status Source of classification or shelving scheme Damaged status Not for loan Home library Current library Date acquired Total Checkouts Full call number Barcode Date last seen Price effective from Koha item type
    Dewey Decimal Classification     ctu-moalboal ctu-moalboal 06/19/2017   Fic. C623 1991 5167 03/09/2023 03/09/2023 Books-Fiction